000
00215nam a22000857a 4500
008
160804b xxu||||| |||| 00| 0 eng d
100
_9
11
_a
Goscinny R
245
_a
Asterix the Gaul
260
_a
USA
_b
Orion Publication
_c
2004
999
_c
2661
_d
2661